Lālā Lajapatirāy. (Record no. 73283)

MARC details
000 -LEADER
fixed length control field 00599cam a22002291 4500
001 - CONTROL NUMBER
control field sa 67002475
003 - CONTROL NUMBER IDENTIFIER
control field DLC
005 - DATE AND TIME OF LATEST TRANSACTION
control field 20260227112331.0
008 - FIXED-LENGTH DATA ELEMENTS--GENERAL INFORMATION
fixed length control field 890913s1966 ii c b 000 0 telo
010 ## - LIBRARY OF CONGRESS CONTROL NUMBER
LC control number sa 67002475
035 ## - SYSTEM CONTROL NUMBER
System control number (OCoLC)20337314
040 ## - CATALOGING SOURCE
Original cataloging agency DLC
Transcribing agency WaU
Modifying agency DLC
042 ## - AUTHENTICATION CODE
Authentication code premarc
050 00 - LIBRARY OF CONGRESS CALL NUMBER
Classification number DS479.1.L27
Item number S2
100 2# - MAIN ENTRY--PERSONAL NAME
Personal name Satyanarayana Murty, Polapragada,
Dates associated with a name 1929-
245 10 - TITLE STATEMENT
Title Lālā Lajapatirāy.
260 ## - PUBLICATION, DISTRIBUTION, ETC.
Date of publication, distribution, etc. 1966.
300 ## - PHYSICAL DESCRIPTION
Extent ii, 97, [2] p.
Other physical details port.
Dimensions 22 cm.
500 ## - GENERAL NOTE
General note In Telugu.
504 ## - BIBLIOGRAPHY, ETC. NOTE
Bibliography, etc. note Bibliography: p. [99]
600 00 - SUBJECT ADDED ENTRY--PERSONAL NAME
Personal name Lajpat Rai,
Titles and other words associated with a name Lala,
Dates associated with a name 1865-1928.

No items available.

Powered by Koha